|
|
|
|
| LEADER |
01577nam a2200337 a 4500 |
| 001 |
3103497 |
| 008 |
100608s2000 maua 001 0 eng d |
| 010 |
|
|
|a 99027707
|
| 020 |
|
|
|a 0073661287 (alternate ed. : alk. paper)
|
| 020 |
|
|
|z 0072312890 (standard ed. : alk. paper)
|
| 020 |
|
|
|a 0072312904 (annotated instructor's ed. : alk. paper)
|
| 020 |
|
|
|a 0071168311 (international ed. : alk. paper)
|
| 040 |
|
|
|a DLC
|c DLC
|d DLC
|d DB-DhAAL
|
| 082 |
0 |
0 |
|a 658.15
|2 21
|
| 100 |
1 |
|
|a Ross, Stephen A.
|
| 245 |
1 |
0 |
|a Fundamentals of corporate finance /
|c Stephen A. Ross, Randolph W. Westerfield, Bradford D. Jordan.
|
| 250 |
|
|
|a 5th ed.
|
| 260 |
|
|
|a Boston :
|b Irwin/McGraw-Hill,
|c c2000.
|
| 300 |
|
|
|a 1 v. (various pagings) :
|b col. ill. ;
|c 26 cm. +
|e 1 computer laser optical disc (4 3/4 in.)
|
| 490 |
0 |
|
|a Irwin/McGraw-Hill series in finance, insurance, and real estate.
|
| 538 |
|
|
|a System requirements for accompanying computer disk: IBM PC; Microsoft Windows 95 or higher.
|
| 504 |
|
|
|a Includes index.
|
| 541 |
1 |
|
|e 00014814
|
| 650 |
|
0 |
|a Corporations
|x Finance.
|
| 700 |
1 |
|
|a Westerfield, Randolph.
|
| 700 |
1 |
|
|a Jordan, Bradford D.
|
| 852 |
4 |
|
|a Ayesha Abed Library
|j General Shelf.
|
| 942 |
0 |
0 |
|0 2
|
| 999 |
|
|
|c 8820
|d 8820
|
| 952 |
|
|
|0 0
|1 0
|2 ddc
|4 0
|6 658_150000000000000_ROS_2000
|7 0
|9 10738
|a BRACUL
|b BRACUL
|c GEN
|d 2010-06-08
|l 8
|m 69
|o 658.15 ROS
|p 3010014814
|r 2025-08-19
|s 2025-06-28
|t 1
|w 2010-06-08
|y BK
|
| 952 |
|
|
|0 0
|1 0
|2 ddc
|4 0
|6 658_150000000000000_ROS_2000
|7 0
|9 10739
|a BRACUL
|b BRACUL
|c GEN
|d 2010-06-08
|l 6
|m 63
|o 658.15 ROS
|p 3010014780
|r 2025-09-17
|s 2025-07-02
|t 2
|w 2010-06-08
|y BK
|